Κόμης Δράκουλας : ο άρχοντας των Καρπαθίων
Αποθηκεύτηκε σε:
| Κύριος συγγραφέας: | |
|---|---|
| Μορφή: | Βιβλίο |
| Γλώσσα: | Greek |
| Δημοσίευση: |
Αθήνα:
Εκδόσεις Καρακώτσογλου,
[2014].
|
| Θέματα: | |
| Ετικέτες: |
Προσθήκη ετικέτας
Δεν υπάρχουν, Καταχωρήστε ετικέτα πρώτοι!
|
MARC
| LEADER | 00000nam a2200000 a 4500 | ||
|---|---|---|---|
| 001 | 1/126342 | ||
| 008 | 230320q2014####gr | ||| |||| ||gre|| | ||
| 020 | |a 9789609444323 | ||
| 040 | |a GR-MyUa |b gre |c GR-MyUa |e AACR2 | ||
| 041 | 1 | |a gre | |
| 082 | 7 | |a 828.9913 |2 (23) | |
| 100 | 1 | |a Stoker, Bram, |d 1847-1912. | |
| 245 | 1 | 0 | |a Κόμης Δράκουλας : |b ο άρχοντας των Καρπαθίων / |c Μπραμ Στόουκερ. |
| 260 | |a Αθήνα: |b Εκδόσεις Καρακώτσογλου, |c [2014]. | ||
| 300 | |a 572 σ. ; |c 21 εκ. | ||
| 650 | 0 | |a Irish fiction. | |
| 852 | |a INST |b SAMOS |e 20230320 |h 828.9913 STO |p 005300048079 |q 005300048079 |t BK |y 0 | ||
| 970 | |a Φιλιππή |b Φάλη |z 15-03-2023 | ||